Seagull on yonge street
Збережено в:
| Автор: | |
|---|---|
| Формат: | Книга |
| Мова: | English |
| Опубліковано: |
Vancouver, Canadá
Talonbooks
1983
|
| Предмети: | |
| Теги: |
Додати тег
Немає тегів, Будьте першим, хто поставить тег для цього запису!
|
MARC
| LEADER | 00000nam a2200000Ia 4500 | ||
|---|---|---|---|
| 008 | 170316s9999 xx 000 0 eng d | ||
| 040 | |a cru BVZT | ||
| 090 | |a 818 B-11s | ||
| 100 | |a Bissett, Bill | ||
| 245 | |a Seagull on yonge street |c Bill Bissett | ||
| 260 | |a Vancouver, Canadá | ||
| 260 | |b Talonbooks | ||
| 260 | |c 1983 | ||
| 300 | |a [s. p.] | ||
| 650 | |a LITERATURA CANADIENSE | ||
| 650 | 0 | |a EN IDIOMA INGLÉS |9 129 | |
| 999 | |c 21745 |d 21745 | ||
| 942 | |c LIB |h 818 B-11s |2 z | ||
